Вторичные средства измерений температуры. Поверка и калибровка (Запись № 13445944)

Подробности
000 -МАРКЕР
контрольное поле 01888nam0a2200337 4500
001 - ИДЕНТИФИКАТОР ЗАПИСИ
контрольное поле RU\NLR\BIBL_A\022425571
005 - ИДЕНТИФИКАТОР ВЕРСИИ
контрольное поле 20250627153254.0
021 ## - НОМЕР ГОСУДАРСТВЕННОЙ РЕГИСТРАЦИИ
Код страны Российская Федерация
Номер КН-П-24-072160
Номер Листа государственной регистраци КН-П-24-7203
035 ## - ДРУГИЕ СИСТЕМНЫЕ НОМЕРА
Идентификатор записи (NLR Aleph) 022425571
100 ## - ДАННЫЕ ОБЩЕЙ ОБРАБОТКИ
Данные общей обработки 20250113d2024 u y0rusy50 ca
101 0# - ЯЗЫК РЕСУРСА
Язык текста, звукозаписи и т.д. русский
102 ## - СТРАНА ПУБЛИКАЦИИ ИЛИ ПРОИЗВОДСТВА
Страна публикации Российская Федерация
105 ## - ПОЛЕ КОДИРОВАННЫХ ДАННЫХ: ТЕКСТОВЫЕ МАТЕРИАЛЫ, МОНОГРАФИЧЕСКИЕ
Кодированные данные о монографическом текстовом документе a j 000yy
181 #0 - ПОЛЕ КОДИРОВАННЫХ ДАННЫХ: ВИД СОДЕРЖАНИЯ
Код вида содержания (ISBD) i3
Код характеристики содержания (ISBD) axxe
182 #0 - ПОЛЕ КОДИРОВАННЫХ ДАННЫХ: ТИП СРЕДСТВА
Код типа средства (ISBD) n - непосредственное
200 1# - ЗАГЛАВИЕ И СВЕДЕНИЯ ОБ ОТВЕТСТВЕННОСТИ
Основное заглавие Вторичные средства измерений температуры. Поверка и калибровка
Сведения, относящиеся к заглавию учебное пособие
Первые сведения об ответственности А. А. Зосен, Д. Е. Москвалев
Последующие сведения об ответственности Академия стандартизации, метрологии и сертификации
203 ## - ВИД СОДЕРЖАНИЯ И ТИП СРЕДСТВА
Вид содержания Текст
Дополнительные сведения об издании визуальный
Тип средства непосредственный
210 ## - ПУБЛИКАЦИЯ, РАСПРОСТРАНЕНИЕ И ДР.
Место издания, распространения и т.д. Москва
Имя издателя, распространителя и т. д. АСМС
Дата издания, распространения и т.д. 2024
215 ## - ФИЗИЧЕСКАЯ ХАРАКТЕРИСТИКА
Специфическое обозначение материала и объем 39 с.
Другие сведения о физической характеристике ил.
Размеры 21
300 ## - ОБЩИЕ ПРИМЕЧАНИЯ
Текст примечания На обороте тит. л. авт.: А. А. Зосен, Д. Е. Москвалев, преподаватели
320 ## - ПРИМЕЧАНИЯ О НАЛИЧИИ В ДОКУМЕНТЕ БИБЛИОГРАФИИ / УКАЗАТЕЛЯ
Текст примечания Библиогр.: с. 38 (5 назв.)
606 1# - НАИМЕНОВАНИЕ ТЕМЫ КАК ПРЕДМЕТ
Наименование темы Термометрия
Формальный подзаголовок Учебные издания для высших учебных заведений
Тематический подзаголовок Аппараты и приборы
-- Калибровка
Системный номер авторитетной/нормативной записи 1847703
Идентификатор авторитетной/нормативной записи RU\NLR\AUTH\661128391
606 1# - НАИМЕНОВАНИЕ ТЕМЫ КАК ПРЕДМЕТ
Наименование темы Термометрия
Формальный подзаголовок Учебные издания для высших учебных заведений
Тематический подзаголовок Аппараты и приборы
-- Поверка
Системный номер авторитетной/нормативной записи 2406183
Идентификатор авторитетной/нормативной записи RU\NLR\AUTH\661433975
686 1# - ИНДЕКСЫ ДРУГИХ КЛАССИФИКАЦИЙ
Индекс З322-5-082.01я73-1
700 #1 - ИМЯ ЛИЦА - ПЕРВИЧНАЯ ОТВЕТСТВЕННОСТЬ
Начальный элемент ввода Зосен
Часть имени, кроме начального элемента ввода А. А.
Дополнения к именам, кроме дат преподаватель, приборостроение
Расширение инициалов личного имени Анна Александровна
Системный номер авторитетной/нормативной записи 2647823
Идентификатор авторитетной/нормативной записи RU\NLR\AUTH\770275856
701 #0 - ИМЯ ЛИЦА - АЛЬТЕРНАТИВНАЯ ОТВЕТСТВЕННОСТЬ
Начальный элемент ввода Москалев
Часть имени, кроме начального элемента ввода Д. Е.
Расширение инициалов личного имени Дмитрий Евгеньевич
942 ## - ДОПОЛНИТЕЛЬНЫЕ ЭЛЕМЕНТЫ ЗАПИСИ (АБИС)
Тип экземпляра АБИС Книга
980 ## - КОЛЛЕКЦИЯ
Название коллекции Национальная библиография

Нет доступных экземпляров.